000 00508cam a2200205ua 4500
001 11739
008 191031n ii |||gr||||Z||||||eng
020 _a9789380833538
040 _cMAIN
041 _aeng
082 _a370.1
100 _aB Dutt,
_eEditor.
245 _aEducation for all a survey
_cEd by B Dutt and Jyoti Garg
250 _a1st ed.
260 _aNew Delhi:
_bGlobal publications,
_c1st ed.
300 _a296p.
653 _aEducation
700 _aJyoti Garg,
_eEditor.
942 _cBK
999 _c10542
_d10542